1155 1857 1148 1327 1936 1803 1572 1109 1409 1348 1872 1752 1625 1219 1618 1458 1423 1438 1548 1468 1114 1261 1360 1432 1806 1907 1259 1985 1563 1919 1533 1954 1693 1526 1158 1724 1266 1960 1355 1395 1172 1839 1960 1316 1026 1703 1611 1514 1049 1544 1035 1480 1251 1928 1831 1768 1624 1433 1429 1105 1984 1014 1466 1899 1569 1723 1710 1907 1642 1568 1156 1474 1942 1363 1657 1826 1277 1234 1368 1258 1575 1542 1184 1246 1282 1297 1148 1218 1678 1460 1049 1974 1125 1069 1342 1430 1310 1202 1420 BCNSPRNW ULIB Ver.6.0+V

เปลี่ยนเป็นภาษาไทย

Change to English
 แสดงรายละเอียดบรรณานุกรม
  กลับหน้าหลัก

Brief Record : Get Marc (ISO 2709) : E-mail record : QR code < ปิดหน้าต่าง
LEADER : 00000nam 2200000uu 4500
001    13399124897
003     ULIB
008    160426s2558||||th 000 0 tha d
020    ^a9786163619648
060  4 ^aWG220^bบ747
100 0  ^aบูรพา กาญจนบัตร
245 00 ^aการใส่และดูแลสายสวนหลอดเลือด=^bPractice in vascular access./^cบูรพา กาญจนบัตร
260    ^aกรุงเทพฯ :^bโฆสิตการพิมพ์,^c2558
300    ^a167 หน้า
650  0 ^aการใช้หลอดสวน
650  0 ^aหลอดเลือดดำ, การใช้หลอดสวน
650  0 ^aผู้ป่วย^xการดูแล
945    ^p180^l0^i23503
945    ^p180^l0^i23504
945    ^p180^l0^i23505
999    ^aทศพร เกษรทอง
รายการนี้ยังไม่มีแท็ก
คุณยังไม่ได้ล็อกอิน คุณสามารถมีกิจกรรมร่วมกับเว็บไซต์ได้ แต่ต้องล็อกอินก่อน ::
  ล็อกอิน

รายการสื่อสารสนเทศ

ลำดับที่ ประเภท เลขเรียก/บาร์โค้ด สถานที่ สถานะ
1. วิทยาศาสตร์การแพทย์ และสุขภาพ
วิทยาศาสตร์การแพทย์ และสุขภาพ
สถานะ=หนังสือเก่า
WG220 บ747 ฉ.1 
  Barcode: 23503
ห้องสมุดวิทยาเขตนครสวรรค์
►ส่วนจัดเก็บหนังสือเก่า นว.
บนชั้น
  ขอยืม
2. วิทยาศาสตร์การแพทย์ และสุขภาพ
วิทยาศาสตร์การแพทย์ และสุขภาพ
สถานะ=หนังสือเก่า
WG220 บ747 ฉ.2 
  Barcode: 23504
ห้องสมุดวิทยาเขตนครสวรรค์
►ส่วนจัดเก็บหนังสือเก่า นว.
บนชั้น
  ขอยืม
3. วิทยาศาสตร์การแพทย์ และสุขภาพ
วิทยาศาสตร์การแพทย์ และสุขภาพ
สถานะ=หนังสือเก่า
WG220 บ747 ฉ.3 
  Barcode: 23505
ห้องสมุดวิทยาเขตนครสวรรค์
►ส่วนจัดเก็บหนังสือเก่า นว.
บนชั้น
  ขอยืม

รายการใกล้เคียง
    ผู้แต่ง [บูรพา กาญจนบัตร]

    หัวเรื่อง [การใช้หลอดสวน]
    หัวเรื่อง [หลอดเลือดดำ, การใช้หลอดสวน]
    หัวเรื่อง [ผู้ป่วย การดูแล]

BibComment


ยังไม่เคยถูกคอมเมนท์

คอมเมนท์ทรัพยากรรายการนี้
  คอมเมนท์: การใส่และดูแลสาย..


 Copyright 2026. Bcnsprnw @Library